| 000 | 00390nam a2200157Ia 4500 | ||
|---|---|---|---|
| 008 | 230917s9999||||xx |||||||||||||| ||und|| | ||
| 040 |
_e102466 _aMAIN |
||
| 041 | _aEnglish | ||
| 082 | _a005.74 E61F | ||
| 100 | _aElmasri, Ramez | ||
| 245 | 0 | _aFundamentals of database systems | |
| 250 | _a4th ed. | ||
| 260 |
_aNew Delhi _bPearson education _c2004 |
||
| 300 | _a1030p p. | ||
| 942 | _cBK | ||
| 999 |
_c110475 _d110475 |
||